[Event "Primorsko Dyuni op 1st"]
[Site "Primorsko"]
[Date "2016.05.24"]
[Round "7"]
[White "Ivanov, Ivan Mikov"]
[Black "Todorov, Angel"]
[Result "0-1"]
[WhiteElo "2065"]
[BlackElo "1771"]
[PlyCount "62"]
[EventDate "2016.05.21"]
[EventType "swiss"]
[EventRounds "7"]
[EventCountry "BUL"]
[SourceTitle "CBM 172 Extra"]
[Source "ChessBase"]
[SourceDate "2016.06.21"]
[SourceVersion "1"]
[SourceVersionDate "2016.06.21"]
[SourceQuality "1"]

1. e4 c5 2. c3 d6 3. d3 Nf6 4. g3 e6 5. Bg2 Be7 6. Ne2 Nbd7 7. 0-0 0-0 8. h3 Qc7 9. f4 Rb8 10. g4 b5 11. Nd2 Bb7 12. Nf3 c4 13. dxc4 Nxe4 14. cxb5 Qb6+ 15. Kh2 Qxb5 16. Ned4 Qa5 17. Nd2 Ndf6 18. Nxe4 Nxe4 19. Qc2 d5 20. Bxe4 dxe4 21. Be3 Rfc8 22. f5 Bd6+ 23. Kg1 Bd5 24. fxe6 fxe6 25. a3 Rf8 26. c4 Rxf1+ 27. Rxf1 Rc8 28. Qf2 Rf8 29. Qe2 Rxf1+ 30. Qxf1 Bxc4 31. Qxc4 Qe1+ 0-1

[Event "Primorsko Dyuni op 1st"]
[Site "Primorsko"]
[Date "2016.05.22"]
[Round "3"]
[White "Genov, Valentin"]
[Black "Todorov, Angel"]
[Result "1/2-1/2"]
[WhiteElo "1519"]
[BlackElo "1771"]
[PlyCount "106"]
[EventDate "2016.05.21"]
[EventType "swiss"]
[EventRounds "7"]
[EventCountry "BUL"]
[SourceTitle "CBM 172 Extra"]
[Source "ChessBase"]
[SourceDate "2016.06.21"]
[SourceVersion "1"]
[SourceVersionDate "2016.06.21"]
[SourceQuality "1"]

1. d4 e5 2. Nf3 e4 3. Ng5 d5 4. c4 Be7 5. Nh3 Bxh3 6. gxh3 c6 7. Nc3 Nf6 8. Rg1 g6 9. Bh6 Nbd7 10. cxd5 cxd5 11. Qb3 Nb6 12. e3 a6 13. a4 Rb8 14. a5 Na8 15. Bg7 Rg8 16. Bxf6 Bxf6 17. Qxd5 Qxd5 18. Nxd5 Bd8 19. Bg2 f5 20. Ke2 Nc7 21. Nf4 Nb5 22. Ne6 Be7 23. Rgc1 Bd6 24. Bf1 Ke7 25. Nc5 Nc7 26. Rc2 Nd5 27. Rc4 Rgc8 28. Rac1 Bxh2 29. Ke1 Bc7 30. Nb3 h6 31. Rc5 Kd6 32. Bc4 Nb4 33. Ke2 b5 34. axb6 Bxb6 35. Rxc8 Rxc8 36. Bf7 Rxc1 37. Nxc1 g5 38. Bg6 Ke6 39. f3 exf3+ 40. Kxf3 Kf6 41. Be8 Nd5 42. Bc6 Ne7 43. Bb7 a5 44. Nd3 h5 45. Ne5 g4+ 46. hxg4 hxg4+ 47. Kg2 Bc7 48. Nc4 Ke6 49. e4 fxe4 50. Bxe4 Nd5 51. Kf1 g3 52. Kg2 Nf6 53. Bf3 Nd5 1/2-1/2

[Event "Kesarovski Georgiev Memorial-B 12th"]
[Site "Sunny Beach"]
[Date "2013.09.01"]
[Round "2"]
[White "Todorov, Angel"]
[Black "Groh, Jiri"]
[Result "1/2-1/2"]
[WhiteElo "1844"]
[BlackElo "2068"]
[PlyCount "130"]
[EventDate "2013.08.31"]
[EventType "swiss"]
[EventRounds "9"]
[EventCountry "BUL"]
[SourceTitle "CBM 156 Extra"]
[Source "ChessBase"]
[SourceDate "2013.10.22"]
[SourceVersion "1"]
[SourceVersionDate "2013.10.22"]
[SourceQuality "1"]

1. d4 d5 2. c4 e6 3. g3 Nf6 4. Bg2 Be7 5. Nf3 0-0 6. 0-0 Nc6 7. Nc3 Rb8 8. b3 b6 9. cxd5 exd5 10. Bb2 Bb7 11. Rc1 Re8 12. Re1 Bf8 13. a3 g6 14. b4 Bg7 15. Nb5 a6 16. Nc3 Ne4 17. e3 h6 18. Qb3 Ne7 19. Nxe4 dxe4 20. Nd2 Nf5 21. Qc2 Rc8 22. Nxe4 Kh8 23. f3 Nxe3 24. Rxe3 f5 25. Nd6 cxd6 26. Rxe8+ Qxe8 27. Qd2 Rxc1+ 28. Bxc1 Qc6 29. Bb2 Qc4 30. Bf1 Qb3 31. f4 Be4 32. Be2 h5 33. Qc3 Qa2 34. Kf2 Qb1 35. Bf1 Qd1 36. Ba1 Kh7 37. Bb2 a5 38. Ba1 a4 39. Bb2 Qb1 40. Ba1 Bd5 41. Bg2 Bxg2 42. Kxg2 Qe4+ 43. Kg1 h4 44. Bb2 h3 45. Qd2 Qb1+ 46. Kf2 Qh1 47. Ke3 d5 48. Qf2 Bf6 49. Kd2 Kh6 50. Ke2 Qe4+ 51. Kd2 Qb1 52. Ke3 Qd1 53. Qd2 Qf1 54. Qe2 Qh1 55. Qf2 Be7 56. Kd3 Qb1+ 57. Qc2 Qa2 58. Qc3 Qb1+ 59. Qc2 Qg1 60. Qe2 Bf6 61. Bc3 b5 62. Bb2 Qb1+ 63. Qc2 Qa2 64. Qc3 Qc4+ 65. Ke3 Qf1 1/2-1/2

[Event "BUL-ch op 32th"]
[Site "Plovdiv"]
[Date "2010.01.31"]
[Round "1"]
[White "Iotov, Valentin Dimitrov"]
[Black "Todorov, Angel"]
[Result "1-0"]
[WhiteElo "2575"]
[BlackElo "1851"]
[PlyCount "57"]
[EventDate "2010.01.31"]
[EventType "swiss"]
[EventRounds "9"]
[EventCountry "BUL"]
[SourceTitle "CBM 134 Extra"]
[Source "ChessBase"]
[SourceDate "2010.03.03"]
[SourceVersion "1"]
[SourceVersionDate "2010.03.03"]
[SourceQuality "1"]

1. d4 d5 2. Nf3 e6 3. c4 c6 4. Nc3 f5 5. Bf4 Nf6 6. e3 Bd6 7. Bxd6 Qxd6 8. Bd3 0-0 9. 0-0 Ne4 10. Rb1 Nd7 11. Qc2 Rf6 12. Ne2 Rh6 13. Ng3 Ndf6 14. Ne5 Qe7 15. b4 Ng4 16. Nxg4 fxg4 17. Bxe4 Qh4 18. Rfd1 Qxh2+ 19. Kf1 dxe4 20. Qxe4 Rf6 21. Ke2 Qh6 22. Qxg4 e5 23. Qe4 exd4 24. Rxd4 Be6 25. Rh1 Qg6 26. Nh5 Rf5 27. Nf4 Qg4+ 28. f3 Rxf4 29. Qxh7+ 1-0

[Event "Sliven op 16th"]
[Site "Sliven"]
[Date "2009.09.04"]
[Round "2"]
[White "Simeonov, Stefan"]
[Black "Todorov, Angel"]
[Result "1-0"]
[WhiteElo "2377"]
[BlackElo "1851"]
[PlyCount "57"]
[EventDate "2009.09.04"]
[EventType "swiss"]
[EventRounds "9"]
[EventCountry "BUL"]
[SourceTitle "CBM 132 Extra"]
[Source "ChessBase"]
[SourceDate "2009.11.03"]
[SourceVersion "1"]
[SourceVersionDate "2009.11.03"]
[SourceQuality "1"]

1. e4 e6 2. d4 d5 3. e5 c5 4. c3 Nc6 5. Nf3 Bd7 6. a3 a6 7. b4 cxd4 8. cxd4 b5 9. Nbd2 Nge7 10. Bd3 Nf5 11. Nb3 Be7 12. 0-0 0-0 13. Bd2 f6 14. Re1 fxe5 15. dxe5 Nh4 16. Nfd4 Nf5 17. Nxf5 exf5 18. Rc1 Rc8 19. e6 Be8 20. Qf3 Bg6 21. Bb1 Bd6 22. Ba2 Ne7 23. Nc5 f4 24. Nb7 Be4 25. Nxd8 Bxf3 26. Nb7 Rxc1 27. Rxc1 Bg4 28. Nxd6 Bxe6 29. Re1 1-0

[Event "Kesarovski Georgiev Memorial 6th"]
[Site "Sunny Beach"]
[Date "2007.09.16"]
[Round "7"]
[White "Todorov, Angel"]
[Black "Vodicka, Pavel"]
[Result "0-1"]
[WhiteElo "1839"]
[BlackElo "1970"]
[PlyCount "62"]
[EventDate "2007.09.10"]
[EventType "swiss"]
[EventRounds "9"]
[EventCountry "BUL"]
[SourceTitle "CBM 120 Extra"]
[Source "ChessBase"]
[SourceDate "2007.11.01"]
[SourceVersion "1"]
[SourceVersionDate "2007.11.01"]
[SourceQuality "1"]

1. d4 Nf6 2. c4 d6 3. g3 g6 4. Bg2 Bg7 5. Nf3 0-0 6. Nc3 c5 7. 0-0 a6 8. e4 Nbd7 9. Re1 cxd4 10. Nxd4 Qc7 11. b3 Rb8 12. Rb1 b5 13. Nd5 Nxd5 14. cxd5 Bb7 15. Bg5 Rfe8 16. Qd2 b4 17. Rbc1 Nc5 18. Bh3 Bc8 19. Bxc8 Rexc8 20. Bh6 Nxe4 21. Rxc7 Nxd2 22. Rxc8+ Rxc8 23. Bxg7 Kxg7 24. Rxe7 Kf6 25. Ra7 Rc5 26. Nc6 g5 27. Rxa6 g4 28. Nxb4 Rc1+ 29. Kg2 Nf3 30. Rxd6+ Kg7 31. Rg6+ hxg6 0-1

[Event "Kesarovski Georgiev Memorial 6th"]
[Site "Sunny Beach"]
[Date "2007.09.14"]
[Round "5"]
[White "Todorov, Angel"]
[Black "Pinto Henriquez, Rodrigo"]
[Result "1/2-1/2"]
[WhiteElo "1839"]
[BlackElo "2238"]
[PlyCount "65"]
[EventDate "2007.09.10"]
[EventType "swiss"]
[EventRounds "9"]
[EventCountry "BUL"]
[SourceTitle "CBM 120 Extra"]
[Source "ChessBase"]
[SourceDate "2007.11.01"]
[SourceVersion "1"]
[SourceVersionDate "2007.11.01"]
[SourceQuality "1"]

1. d4 d5 2. c4 c6 3. g3 Nf6 4. Bg2 e6 5. Nf3 Nbd7 6. 0-0 Bd6 7. Nc3 0-0 8. b3 a6 9. Bb2 b5 10. Nd2 Rb8 11. e4 dxe4 12. Ncxe4 Nxe4 13. Nxe4 Be7 14. d5 cxd5 15. cxd5 exd5 16. Qxd5 Bb7 17. Qd4 f6 18. Rfd1 Nb6 19. Qc3 Qc8 20. Qd4 Rd8 21. Qxb6 Rxd1+ 22. Rxd1 Bxe4 23. Qe3 Bxg2 24. Qxe7 Bh3 25. Qd6 Qe8 26. Ba3 h6 27. Bc5 Rc8 28. b4 Kh8 29. a3 Qe2 30. Qd3 Qa2 31. Qf3 Qc4 32. Qd3 Qxd3 33. Rxd3 1/2-1/2